| 000 | 00819nam a22003377a 4500 | ||
|---|---|---|---|
| 005 | 20231122114555.0 | ||
| 008 | 190401b2015 xxu||||| |||| 00| 0 spa d | ||
| 020 | _a9789587624281 | ||
| 041 | _aESP | ||
| 082 | _a629.892 Z22p | ||
| 100 |
_aZaldívar Navarro, Daniel _953205 |
||
| 100 | _aCuevas Jiménez, Erik V. | ||
| 100 |
_aPérez Cisneros, Marco A. _953207 |
||
| 245 | _aProyectos con robots Lego | ||
| 260 | _aColombia | ||
| 260 | _bEdiciones de la U | ||
| 260 | _c2015 | ||
| 300 | _a326 páginas | ||
| 650 | _aROBÓTICA | ||
| 650 | _aELECTRÓNICA | ||
| 650 | _aINFORMÁTICA | ||
| 650 | _aLENGUAJES DE COMPUTADORAS | ||
| 650 | _aNXT-G | ||
| 650 | _aNXC | ||
| 650 | _aLEJOS NXJ | ||
| 650 | _aECROBOT NXT | ||
| 650 | _aTOOLBOX | ||
| 650 | _aMATLAB | ||
| 942 |
_cBK _2ddc |
||
| 999 |
_c11828 _d11828 |
||